01665nam a2200193Ia 4500001001300000003001000013005001700023008004100040040002500081041000700106100003000113245006400143260003100207500008900238520100400327650001601331654001101347700011301358b6464-46455 IT-MiCISF20250409102704.0161014s9999||||xx |||||||||||||| ||und|| aIT-MiCISFcIT-MiCISF ait aBurattin Ernesto (et al.) 0aLa risorsa longevità.bUn approccio concreto e innovativo a Venezia,bMarsilio,c2008 a anziani, società, servizi-anziani, esperienze, educazione, qualità-della-vita  aIl libro raccoglie i più aggiornati contributi al dibattito civile, sociale ed economico sulle nuove modalità di approccio alla longevità, fornendo fondamenti teorici e testimonianze operative. Riscontrata l'inadeguatezza del Welfare State, basato su costose burocrazie prevalentemente sanitarie (una soluzione adatta a un'epoca in cui era breve l'aspettativa di vita dopo la pensione), gli AA. dimostrano come porre i longevi al centro delle dinamiche civili e sociali sia oggi la soluzione più adeguata per rispondere al mutato scenario sociodemografico. In una situazione attuale dove sono almeno 20 gli anni di buona salute dopo l'abbandono dell'attività lavorativa, la soluzione proposta è il modello della Welfare Society, un nuovo paradigma di comunità civile in cui le diverse componenti sociali interagiscono in una forte logica intergenerazionale, valorizzando le specifiche competenze (anche solo residue) per costruire insieme un positivo percorso di sviluppo e relazione. aTerza-età asaggio aDe Rita G., Ferro A., Gius E., Maietta F., Masnata G., Morganti M.,a Santini G., Scanagatta S., Zamagni S.